| 000 | 00370nam a2200145Ia 4500 | ||
|---|---|---|---|
| 008 | 230312s9999||||xx |||||||||||||| ||und|| | ||
| 020 | _a978-1119263593 | ||
| 082 |
_a332.6320 _bKRA-F |
||
| 100 | _aKrantz;Matt | ||
| 245 | 0 | _aFundamental Analysis for Dummies | |
| 260 |
_bJohn Wiley & sons _aUSA _c2016 |
||
| 300 | _a380 | ||
| 650 |
_aEngineering _vComputer |
||
| 942 | _cBK | ||
| 999 |
_c14014 _d14014 |
||